1716 1139 1901 1448 1636 1006 1619 1623 1479 1279 1431 1997 1459 1830 1147 1047 1674 1007 1666 1545 1197 1121 1817 1354 1240 1121 1872 1098 1829 1051 1561 1840 1286 1810 1303 1254 1906 1317 1120 1017 1304 1031 1257 1508 1058 1061 1659 1854 1749 1899 1017 1552 1529 1645 1541 1009 1801 1022 1170 1143 1089 1848 1107 1694 1364 1908 1745 1305 1329 1924 1612 1717 1974 1471 1269 1372 1821 1106 1921 1784 1393 1667 1152 1412 1923 1352 1269 1948 1808 1386 1034 1435 1979 1783 1342 1184 1258 1874 1824 BCNSPRNW ULIB Ver.6.0+V

เปลี่ยนเป็นภาษาไทย

Change to English
 แสดงรายละเอียดบรรณานุกรม
  กลับหน้าหลัก

Brief Record : Get Marc (ISO 2709) : E-mail record : QR code < ปิดหน้าต่าง
LEADER : 00000nam 2200000uu 4500
001    13399112682
003     ULIB
008    110901s||||||||th 000 0 tha d
050  4 K230^bส691ร มปป.
110 1  สำนักงานคุ้มครองสิทธิและช่วยเหลือทางกฏหมายแก่ประชาชน(สคช.)
245 00 รวมกฎหมายที่ประชาชนควรรู้ /^cสำนักงานคุ้มครองสิทธิและช่วยเหลือทางกฏหมายแก่ประชาชน(สคช.)
250    พิมพ์ครั้งที่ 1
260    นครสวรรค์ :^bสำนักงานคุ้มครองสิทธิและช่วยเหลือทางกฏหมายแก่ประชาชน(สคช.),^cมปป.
300    311 หน้า
650  4 กฎหมาย
945    ^p0^l0^i028588
945    ^p0^l0^i028589
945    ^p0^l0^i028590
945    ^p0^l0^i028591
945    ^p0^l0^i028592
945    ^p0^l0^i028593
945    ^p0^l0^i028594
945    ^p0^l0^i028595
945    ^p0^l0^i028596
945    ^p0^l0^i028597
945    ^p0^l0^i028598
945    ^p0^l0^i028599
945    ^p0^l0^i028600
995    ทศพร
999 ^a ทศพร
รายการนี้ยังไม่มีแท็ก
คุณยังไม่ได้ล็อกอิน คุณสามารถมีกิจกรรมร่วมกับเว็บไซต์ได้ แต่ต้องล็อกอินก่อน ::
  ล็อกอิน

รายการสื่อสารสนเทศ

ลำดับที่ ประเภท เลขเรียก/บาร์โค้ด สถานที่ สถานะ
- ไม่พบข้อมูล -

รายการใกล้เคียง
    หัวเรื่อง [กฎหมาย]

BibComment


ยังไม่เคยถูกคอมเมนท์

คอมเมนท์ทรัพยากรรายการนี้
  คอมเมนท์: รวมกฎหมายที่ประชา..


 Copyright 2026. Bcnsprnw @Library